000 00848nmm a2200265 a 4500
001 ocm000660013
003 TR-IsHL
005 20201028140530.0
008 131219s2010 tu tur
007 cr cn
020 _a9786054259335
035 _a660013
_b(N$T)
050 0 4 _aKKX702
_b.Y35 2010
090 0 4 _aKKX702
_b.Y35 2010
100 1 _aYalçın, Ayhan
245 1 0 _a634 Sayılı kat mülkiyeti kanunu
_h[electronic resource] /
_cAyhan Yalçın
260 _aİstanbul :
_bTürkmen Kitabevi,
_c2010
300 _a288 p.
650 4 _aHukuk
650 4 _aLaw
650 0 _aKat mülkiyeti
_x Hukuk ve mevzuat
_x Türkiye
650 0 _aCondominiums
_x Law and legislation
_x Turkey
650 7 _aLAW / Real Estate
_2bisacsh
856 4 0 _uhttp://search.ebscohost.com/login.aspx?direct=true&scope=site&db=e011xww&AN=660013
999 _c7338
_d7338